000 00191nam a2200085Ia 4500
008 170617s9999 xx 000 0 und d
100 _aGAUD- R.S.
245 0 _aNATURAL EXCIPIENTS
260 _bPUNE- NIRALI
260 _c2010
999 _c15475
_d15475